Jangan kelentong lagi, kita semua orang Malaysia
| Main Author: | |
|---|---|
| Format: | Book |
| Published: |
Seri Kembangan, SelangorbMarshall Cavendish Edition ,
2012
|
| Subjects: |
MARC
| LEADER | 00000cam a2200000 7i4500 | ||
|---|---|---|---|
| 001 | 0000004119 | ||
| 005 | 20180330.0 | ||
| 020 | 0 | 0 | |a 9789814398350 |
| 090 | 0 | 0 | |a 320.9595 |b KEE2012 |
| 100 | 0 | 0 | |a Kee Thuan Chye |
| 245 | 1 | 0 | |a Jangan kelentong lagi, kita semua orang Malaysia |c Kee Thuan Chye |
| 260 | 0 | 0 | |a Seri Kembangan, SelangorbMarshall Cavendish Edition , |c 2012 |
| 300 | |a 467p. ; |c 21 cm. | ||
| 650 | 0 | 0 | |a Malaysia--Politics and goverment |
| 999 | |a 007991 |b Monograph |c Open Shelf |e Default branch | ||